| 000 | 00630nam a2200193Ia 4500 | ||
|---|---|---|---|
| 003 | GCL | ||
| 008 | 140319s9999 xx 000 0 ara d | ||
| 040 |
_aGCL / _cGCL |
||
| 082 | 0 | 4 |
_a813.009 _bر ق |
| 100 | 1 | _aابراهيم فتحى | |
| 245 | 1 | 0 |
_aالقصة العربية: بانوراما الابداع القصصى العربى / _cابراهيم فتحى |
| 700 | 1 | _aرؤوف سلامه موسى | |
| 300 | _a144 ص | ||
| 490 |
_aالهيئة العامة للاستعلامات _v0 |
||
| 650 | 0 | 4 | _aالادب العربى |
| 650 | 0 | 4 | _aالقصص العربية |
| 650 | 0 | 4 | _aالقصص - مصر |
| 942 |
_2ddc _cBK |
||
| 999 |
_c49479 _d49479 |
||